000
00263nam a2200097Ia 4500
001
1213062
005
20250827024506.0
008
250824s9999 xx 000 0 und d
245
0
_a
FELAKET HENRY VE BETER BAKICI
_c
FRANCESCA SIMON
260
_b
İLETİŞİM YAYINLARI
999
_c
1213062
_d
1213062